000 01234nam0a22003011 4500
001 rc\2145245
005 20250623092643.0
035 _a(NLR Aleph) 006702677
090 _a5260580
_c5260580
100 _a20110829d1979 |||y0rusy50 ca
101 0 _arus
102 _aRU
105 _aa i |||||
200 1 _aСтатистическая обработка и планирование экспериментов в технологии машиностроения
_eУчеб. пособие
210 _aГорький
_cГГУ
_d1979
215 _a67 с.
_cил.
_d20
300 _aВ надзаг.: Горьк. гос. ун-т им. Н.И. Лобачевского
320 _aБиблиогр.: с. 67 (5 назв.)
606 _aМашиностроение
_xМатематические исследования
_2psbo
606 _aТехнический эксперимент
_xПланирование
_xСтатистические методы
_2psbo
700 1 _aЛель
_bР.В.
_gРоберт Вильгельмович
801 0 _aRU
_bNLR
_gpsbo
801 1 _aRU
_bELAR
_2rusmarc
852 _aNLR
_j79-4/23122
899 _aRuMoRGB
_jB 79-44/493
899 _aRuMoRGB
_jB 79-44/494
942 _cBOOK
980 _aNB